000
00245nam a22001217a 4500
082
_a
894.812
_b
SAL/V
100
_a
SALIM,CHANANKARA
245
_a
VARGHAM
260
_b
PRABHATH BOOK HOUSE
300
_a
94
650
_a
STORY
_z
KERALA
942
_c
BK
999
_c
1442
_d
1442